banner-ar

الانسان والبيئة : (Record no. 8376)

MARC details
000 -الفاتح
حقل البيانات ثابتة الطول 01003nam a2200301Ia 4500
005 - وقت وتاريخ اخر تعامل مع التسجيلة
رقم الضبط 20240530095547.0
008 - عناصر البيانات ثابتة الطول - معلومات عامة
حقل البيانات ثابتة الطول 140319s9999 xx 000 0 ara d
040 ## - مصدر الفهرسة
وكالة الفهرسة الأصلية GCL /
وكالة النسخ GCL
082 04 - رقم تصنيف ديوى العشرى
رقم التصنيف 363.7
رقم المادة د ا
100 1# - المدخل الرئيسى - إسم شخصى
الإسم الشخصى دلمولينو، الكسندرا
245 10 - بيان العنوان
العنوان الانسان والبيئة :
بقية العنوان كوكب ذو الف وجه - الماء والاوساط المائية - التربة والهواء /
بيان المسئوليه,etc دلمولينو، الكسندرا
250 ## - بيان الطبعة
بيان الطبعة الاولى
260 ## - PUBLICATION, DISTRIBUTION, ETC. (IMPRINT)
تاريخ النشر أو التوزيع 2006
300 ## - الوصف المادى
التعداد 83 ص ؛
أبعاد الوعاء 32 سم
490 ## - بيان السلسلة
عنوان السلسلة بيئتنا
رقم المجلد/ التعيين التسلسلي 0
650 04 - المدخل الاضافى بالموضوع-مصطلح موضوعى
مصطلح موضوعي تلوث البيئة
650 04 - المدخل الاضافى بالموضوع-مصطلح موضوعى
مصطلح موضوعي التلوث
650 04 - المدخل الاضافى بالموضوع-مصطلح موضوعى
مصطلح موضوعي المناخ
650 04 - المدخل الاضافى بالموضوع-مصطلح موضوعى
مصطلح موضوعي الغلاف الجوى
650 04 - المدخل الاضافى بالموضوع-مصطلح موضوعى
مصطلح موضوعي الارض
650 04 - المدخل الاضافى بالموضوع-مصطلح موضوعى
مصطلح موضوعي الامطار
650 04 - المدخل الاضافى بالموضوع-مصطلح موضوعى
مصطلح موضوعي التصحر
650 04 - المدخل الاضافى بالموضوع-مصطلح موضوعى
مصطلح موضوعي التربة - تلوث
700 1# - المدخل الاضافى - اسم شخصى
الإسم الشخصى باجويه، جاكلين
700 1# - المدخل الاضافى - اسم شخصى
الإسم الشخصى جورج قاضى
942 ## - عناصر المدخل الإضافي( كوها)
مصدر التصنيف او مخطط الترفيف Dewey Decimal Classification
Koha [default] item type كتاب
260 ## - PUBLICATION, DISTRIBUTION, ETC. (IMPRINT)
-- بيروت :
-- دار عويدات للنشر والطباعة ،
Holdings
حالة التراجع حالة الفقد حالة تلف ليس للاعارة المكان المؤقت الموقع الحالى تاريخ الاكتساب اجمالي اﻻعارات رقم الطلب الباركود تاريخ اخر مشاهدة تاريخ تفعيل السعر نوع وعاء كوها
        مكتبة القاهرة الكبرى مكتبة القاهرة الكبرى 03/26/2014   363.7\د ا 17460 03/26/2014 03/26/2014 كتاب

Powered By

EGPV